000 00762na a2200253 4500
001 18315
003 MIRAKIL
005 20181213155021.0
008 161116b tu 000 0
020 _a9786058609709
040 _aMilas
_btur
_cTR-AnCHP
041 _atur
082 _a356.0072
_bA49t 2013
088 _a56
090 _a356.0072 A49t 2013
100 _aAkyürek, Salih
245 _aTürk Silahlı Kuvvetlerine toplumsal bakış
_cSalih Akyürek, Mehmet Ali Yılmaz
260 _aİstanbul
_bBİLGESAM Yayınları
_c2013
300 _a90 s.
_btbl.; grf.
_c30 sm.
610 _aTürk Silahlı Kuvvetleri
_xAraştırma
650 _aSilahlı kuvvetler
_xToplumsal açı
_yAraştırmalar
700 _aYılmaz, Mehmet Ali
942 _2ddc
_cBKS
999 _c4903
_d4903